| 000 | 00693nam a2200217 i 4500 | ||
|---|---|---|---|
| 001 | 59271 | ||
| 003 | ES-MaACL | ||
| 005 | 20230906164012.0 | ||
| 007 | t| | ||
| 008 | 031028s1963 sp ||||1| baq d | ||
| 100 | 1 |
_aElicegui, Mikela. _946983 |
|
| 245 | 1 | 0 |
_aPello Errotaren bizitza, bere alabak kontatua / _cMikela Elicegui, Antonio Zavala. |
| 260 |
_a[San Sebastián] : _bAuspoa Liburutegia, _c1963. |
||
| 300 |
_a174 p., 2 lám. ; _c18 cm. |
||
| 490 | 1 |
_aAuspoa liburutegia ; _v32 |
|
| 600 | 1 | 4 |
_aElicegui, Pedro José. _946984 |
| 700 | 1 |
_aZavala, Antonio. _9118104 |
|
| 830 | 0 |
_aAuspoa liburutegia ; _v32 _9181493 |
|
| 852 |
_aES-MaACL _jC-26956 _bR.54241 |
||
| 999 |
_c59271 _d59271 |
||